| 000 | 00343nam a2200145Ia 4500 | ||
|---|---|---|---|
| 005 | 20251222154346.0 | ||
| 008 | 251222s9999||||xx |||||||||||||| ||spa|| | ||
| 020 | _a978849503534 | ||
| 082 | _a720.92/C89 | ||
| 100 | _aCrippa, María Antonieta | ||
| 245 | 0 | _aGaudí: | |
| 250 | _a1ra. ed. | ||
| 264 | _bArlanza Ediciones, S.A. | ||
| 942 | _cLIB | ||
| 999 |
_c34723 _d34723 |
||